000 00484nam a2200181Ia 4500
001 20461
005 20260306172808.0
008 260306t2019||||xx |||||||||||||| ||spa||
041 _aESP
082 _a343.211
_bL36
100 _aLedesma Narváez, Marianella
_eAUT
245 0 _aJusticia y educación:
_bsaberes y prácticas inclusivas en América y Europa
260 _c2019
300 _a649 páginas :
_c24 cm.
650 _aGEN
654 _aCDE
942 _cLIB
_dJUS
_fJUS
_2ddc
_n
999 _c20461
_d20461